000 00659cam a2200229 4500500
005 20260405003329.0
041 _afre
042 _adc
100 1 0 _aPortevin, Catherine
_eauthor
245 0 0 _aPendant que j’y pense/Juin 2021
260 _c2021.
500 _a42
690 _aCatherine Portevin
690 _acoaching
690 _alecture
690 _aLivre
690 _aMerleau-Ponty
690 _aOlivier Haralambon
690 _aSport
786 0 _nPhilosophie magazine | 150 | 6 | 2021-06-01 | p. 71-71 | 1951-1787
856 4 1 _uhttps://shs.cairn.info/magazine-philosophie-magazine-2021-6-page-71?lang=fr&redirect-ssocas=7080
999 _c2066589
_d2066589